1558 1908 1269 1186 1677 1781 1679 1235 1644 1760 1582 1027 1935 1210 1802 1767 1538 1207 1123 1597 1035 1167 1367 1994 1665 1598 1707 1260 1910 1927 1464 1070 1367 1808 1670 1291 1783 1420 1861 1160 1166 1772 1382 1514 1502 1002 1133 1968 1350 1992 1180 1727 1742 1112 1560 1127 1029 1599 1931 1704 1553 1398 1779 1186 1140 1149 1460 1284 1022 1804 1669 1309 1830 1110 1021 1193 1521 1261 1957 1429 1626 1418 1455 1288 1099 1060 1023 1466 1279 1614 1391 1876 1398 1211 1586 1452 1219 1298 1573 BCNSPRNW ULIB Ver.6.0+V

เปลี่ยนเป็นภาษาไทย

Change to English
 แสดงรายละเอียดบรรณานุกรม
  กลับหน้าหลัก

Brief Record : Get Marc (ISO 2709) : E-mail record : QR code < ปิดหน้าต่าง
LEADER : 00000nam a2200000Ia 4500
001    13399128088
003     ULIB
008    180430s2561 th a 000 0 tha d
020    ^a9786164072770
040    ^abrv
050  4 ^aKF8902.E42^bป453ว
100 0  ^aปราวีณยา สุวรรณณัฐโชติ
245 10 ^aวัคซีนคุ้มภัยคนยุคดิจิทัล :^bประเด็นจริยธรรมและข้อควรรู้ทางกฎหมาย /^cปราวีณยา สุวรรณณัฐโชติ
250    ^aพิมพ์ครั้งที่ 1
260    ^aกรุงเทพฯ :^bศูนย์ส่งเสริมการพัฒนานวัตกรรม ตำราและเอกสารทางวิชาการคณะครุศาสตร์ จุฬาลงกรณ์มหาวิทยาลัย,^c2561
300    ^a141 หน้า :^bภาพประกอบ ;^c26 ซม.
650  4 ^aสังคมออนไลน์
650  4 ^aอาชญากรรมทางคอมพิวเตอร์
650  4 ^aอาชญากรรมทางคอมพิวเตอร์^xกฎหมายและระเบียบข้อบังคับ
710 2  ^aจุฬาลงกรณ์มหาวิทยาลัย.^bคณะครุศาสตร์.^bศูนย์ส่งเสริมการพัฒนานวัตกรรมตำราและเอกสารทางวิชาการ
910    ^aSend to UC
945    ^p215^l0^i29296
945    ^p215^l0^i29297
945    ^p215^l0^i29298
945    ^p215^l0^i29299
945    ^p215^l0^i29300
995    ^aกัณชพร จุลอักษร
999    ^aกัณชพร
รายการนี้ยังไม่มีแท็ก
คุณยังไม่ได้ล็อกอิน คุณสามารถมีกิจกรรมร่วมกับเว็บไซต์ได้ แต่ต้องล็อกอินก่อน ::
  ล็อกอิน

รายการสื่อสารสนเทศ

ลำดับที่ ประเภท เลขเรียก/บาร์โค้ด สถานที่ สถานะ
1. หนังสือสำรอง
หนังสือสำรอง
KF8902.E42 ป453ว ฉ.1 
  Barcode: 29296
ห้องสมุดวิทยาเขตนครสวรรค์
►หนังสือทั่วไป:l:General Books
บนชั้น
2. วิทยาศาสตร์การแพทย์ และสุขภาพ
วิทยาศาสตร์การแพทย์ และสุขภาพ
KF8902.E42 ป453ว ฉ.2 
  Barcode: 29297
ห้องสมุดวิทยาเขตนครสวรรค์
►หนังสือทั่วไป:l:General Books
บนชั้น
3. วิทยาศาสตร์การแพทย์ และสุขภาพ
วิทยาศาสตร์การแพทย์ และสุขภาพ
KF8902.E42 ป453ว ฉ.3 
  Barcode: 29298
ห้องสมุดวิทยาเขตนครสวรรค์
►หนังสือทั่วไป:l:General Books
บนชั้น
4. วิทยาศาสตร์การแพทย์ และสุขภาพ
วิทยาศาสตร์การแพทย์ และสุขภาพ
KF8902.E42 ป453ว ฉ.4 
  Barcode: 29299
ห้องสมุดวิทยาเขตนครสวรรค์
►หนังสือทั่วไป:l:General Books
บนชั้น
5. วิทยาศาสตร์การแพทย์ และสุขภาพ
วิทยาศาสตร์การแพทย์ และสุขภาพ
KF8902.E42 ป453ว ฉ.5 
  Barcode: 29300
ห้องสมุดวิทยาเขตนครสวรรค์
►หนังสือทั่วไป:l:General Books
บนชั้น

รายการใกล้เคียง
    ผู้แต่ง [ปราวีณยา สุวรรณณัฐโชติ]

    หัวเรื่อง [สังคมออนไลน์]
    หัวเรื่อง [อาชญากรรมทางคอมพิวเตอร์]

BibComment


ยังไม่เคยถูกคอมเมนท์

คอมเมนท์ทรัพยากรรายการนี้
  คอมเมนท์: วัคซีนคุ้มภัยคนย..


 Copyright 2026. Bcnsprnw @Library